Nördlichste Großstadt in jedem Bundesland - Statistiken

Allgemein
  • Dieses Quiz wurde 164 mal gespielt
  • Das Durchschnittsergebnis liegt bei 12 aus 13
Antwortstatistiken
Bundesland Stadt % Korrekt
Schleswig-Holstein Kiel
97%
Mecklenburg-Vorpommern Rostock
96%
Saarland Saarbrücken
95%
Sachsen Leipzig
93%
Sachsen-Anhalt Magdeburg
93%
Thüringen Erfurt
92%
Baden-Württemberg Mannheim
91%
Brandenburg Potsdam
90%
Hessen Kassel
87%
Niedersachsen Oldenburg
86%
Bayern Würzburg
86%
Rheinland-Pfalz Koblenz
83%
Nordrhein-Westfalen Bielefeld
79%
Keine übereinstimmenden Quizze gefunden
Verteilung der Resultate
Anzahl Personen mit jedem Resultat
Perzentil nach korrekt beantworteten Fragen
Ihre Resultats-Entwicklung
Sie haben dieses Quiz noch nicht gespielt